000 00756nam a2200193 i 4500
001 158157
003 ES-MaACL
005 20251015063141.0
008 040824s1852 fr |||| | fre d
040 _aCAM
_bspa
_cCAM
100 1 _aLourdoueix, Honoré de,
_d1797-1860
_9129095
245 1 3 _aLa révolution, c'est l'orléanisme /
_cpar H. de Lourdoueix.
250 _a2e éd.
260 _aParis :
_bDentu libraire,
_c1852 (
_fImprimerie de Poussielgue, Masson et c\pie\s)
300 _a252, [1] p., [8] h. pleg. de lám. ;
_c18 cm.
599 _aLas h. pleg. de lám. reproducción de cartas autógrafas.
852 _aES-MaACL
_jT-456-F-4
_z-- Enc. hol.
_q-- Falto de cub. original
_z-- Enc. en un vol. facticio
999 _c158157
_d158157